Communication Criticism: developing your critical powers
Збережено в:
| Автор: | |
|---|---|
| Формат: | Книга |
| Мова: | Англійська |
| Опубліковано: |
Thousand Oaks
SAGE
1998
|
| Серія: | Rhetoric and Society
|
| Предмети: | |
| Теги: |
Додати тег
Немає тегів, Будьте першим, хто поставить тег для цього запису!
|
MARC
| LEADER | 00000cam a2200000 a 4500 | ||
|---|---|---|---|
| 001 | UCF3923 | ||
| 003 | CL-VaPUC | ||
| 008 | 121108e19980000US |||||||||||||||||eng|d | ||
| 020 | |a 0761906304 | ||
| 082 | 0 | 4 | |a 302.2 |b COH |2 21 |
| 100 | 0 | |a Cohen, Jodi R |e author |9 565568 | |
| 245 | 1 | 0 | |a Communication Criticism: developing your critical powers |
| 300 | |a 221 p | ||
| 942 | |c BK | ||
| 945 | |d 20121108 00:00:00 |a dcastane | ||
| 260 | |a Thousand Oaks |b SAGE |c 1998 | ||
| 650 | 0 | |a Comunicación |9 257251 | |
| 650 | 7 | |a CRITICISMO |2 CL-VaPUC |9 265242 | |
| 583 | |a last modification |c 20121108 11:12:00 |k Rodrigo Vera | ||
| 490 | 0 | |a Rhetoric and Society | |
| 999 | |c 349959 |d 349957 | ||
| 952 | |0 0 |1 0 |4 0 |6 302_200000000000000_COH_1998 |7 0 |8 A |9 452857 |a BIBEDU |b BIBEDU |d 2019-11-22 |i 4922050 |o 302.2 COH 1998 |p 4922050 |r 2019-11-22 |w 2019-11-22 |y BK |k LIT | ||